<?xml version="1.0" encoding="UTF-8"?>
<record
    xmlns:xsi="http://www.w3.org/2001/XMLSchema-instance"
    xsi:schemaLocation="http://www.loc.gov/MARC21/slim http://www.loc.gov/standards/marcxml/schema/MARC21slim.xsd"
    xmlns="http://www.loc.gov/MARC21/slim">

  <leader>01132nam0a22002891  4500</leader>
  <controlfield tag="001">v19\rc\1609703</controlfield>
  <controlfield tag="005">20260406085854.0</controlfield>
  <datafield tag="035" ind1=" " ind2=" ">
    <subfield code="a">(NLR Aleph) 005238901</subfield>
  </datafield>
  <datafield tag="090" ind1=" " ind2=" ">
    <subfield code="a">5683521</subfield>
    <subfield code="c">5683521</subfield>
  </datafield>
  <datafield tag="100" ind1=" " ind2=" ">
    <subfield code="a">20061002d1897    |||y0rusy50      ca</subfield>
  </datafield>
  <datafield tag="101" ind1="1" ind2=" ">
    <subfield code="a">rus</subfield>
    <subfield code="c">eng</subfield>
  </datafield>
  <datafield tag="102" ind1=" " ind2=" ">
    <subfield code="a">RU</subfield>
  </datafield>
  <datafield tag="105" ind1=" " ind2=" ">
    <subfield code="a">y   z   |||||</subfield>
  </datafield>
  <datafield tag="200" ind1="1" ind2=" ">
    <subfield code="a">&#x41E;&#x433;&#x44E;&#x441;&#x442; &#x41A;&#x43E;&#x43D;&#x442; &#x438; &#x43F;&#x43E;&#x437;&#x438;&#x442;&#x438;&#x432;&#x438;&#x437;&#x43C;</subfield>
    <subfield code="e">&#x421;&#x442;. &#x414;.&#x421;. &#x41C;&#x438;&#x43B;&#x43B;&#x44F;, &#x413;. &#x421;&#x43F;&#x435;&#x43D;&#x441;&#x435;&#x440;&#x430; &#x438; &#x41B;. &#x423;&#x43E;&#x440;&#x434;&#x430;</subfield>
    <subfield code="e">&#x421; &#x43F;&#x440;&#x438;&#x43B;. &#x43F;&#x43E;&#x440;&#x442;&#x440;. &#x41E;. &#x41A;&#x43E;&#x43D;&#x442;&#x430;</subfield>
    <subfield code="f">&#x41F;&#x435;&#x440;. &#x41D;.&#x41D;. &#x421;&#x43F;&#x438;&#x440;&#x438;&#x434;&#x43E;&#x43D;&#x43E;&#x432;&#x430;</subfield>
  </datafield>
  <datafield tag="210" ind1=" " ind2=" ">
    <subfield code="a">&#x41C;&#x43E;&#x441;&#x43A;&#x432;&#x430;</subfield>
    <subfield code="c">&#x41C;&#x430;&#x433;. "&#x41A;&#x43D;. &#x434;&#x435;&#x43B;&#x43E;"</subfield>
    <subfield code="d">1897</subfield>
  </datafield>
  <datafield tag="215" ind1=" " ind2=" ">
    <subfield code="a">XII, 331 &#x441;.</subfield>
    <subfield code="d">19</subfield>
  </datafield>
  <datafield tag="700" ind1=" " ind2="1">
    <subfield code="7">ca</subfield>
    <subfield code="8">rus</subfield>
    <subfield code="a">&#x41C;&#x438;&#x43B;&#x43B;&#x44C;</subfield>
    <subfield code="b">&#x414;. &#x421;.</subfield>
    <subfield code="f">1806-1873</subfield>
    <subfield code="g">&#x414;&#x436;&#x43E;&#x43D; &#x421;&#x442;&#x44E;&#x430;&#x440;&#x442;</subfield>
    <subfield code="9">39299</subfield>
    <subfield code="3">RU\NLR\AUTH\7756367</subfield>
  </datafield>
  <datafield tag="701" ind1=" " ind2="1">
    <subfield code="a">&#x421;&#x43F;&#x435;&#x43D;&#x441;&#x435;&#x440;</subfield>
    <subfield code="b">&#x413;.</subfield>
    <subfield code="f">1820-1903</subfield>
    <subfield code="g">&#x413;&#x435;&#x440;&#x431;&#x435;&#x440;&#x442;</subfield>
  </datafield>
  <datafield tag="701" ind1=" " ind2="1">
    <subfield code="a">&#x423;&#x43E;&#x440;&#x434;</subfield>
    <subfield code="b">&#x41B;.&#x424;.</subfield>
    <subfield code="f">1841-1913</subfield>
    <subfield code="g">&#x41B;&#x435;&#x441;&#x442;&#x435;&#x440; &#x424;&#x440;&#x430;&#x43D;&#x43A;</subfield>
  </datafield>
  <datafield tag="702" ind1=" " ind2="1">
    <subfield code="a">&#x421;&#x43F;&#x438;&#x440;&#x438;&#x434;&#x43E;&#x43D;&#x43E;&#x432;</subfield>
    <subfield code="b">&#x41D;.&#x41D;.</subfield>
    <subfield code="4">730</subfield>
  </datafield>
  <datafield tag="702" ind1=" " ind2="1">
    <subfield code="a">&#x41A;&#x43E;&#x43D;&#x442;</subfield>
    <subfield code="b">&#x41E;.</subfield>
    <subfield code="f">1798-1857</subfield>
    <subfield code="g">&#x41E;&#x433;&#x44E;&#x441;&#x442;</subfield>
    <subfield code="4">570</subfield>
  </datafield>
  <datafield tag="801" ind1=" " ind2="0">
    <subfield code="a">RU</subfield>
    <subfield code="b">NLR</subfield>
    <subfield code="c">20061002</subfield>
    <subfield code="g">psbo</subfield>
  </datafield>
  <datafield tag="801" ind1=" " ind2="1">
    <subfield code="a">RU</subfield>
    <subfield code="b">ProSoft-M</subfield>
    <subfield code="c">20061002</subfield>
    <subfield code="2">rusmarc</subfield>
  </datafield>
  <datafield tag="801" ind1=" " ind2="2">
    <subfield code="a">RU</subfield>
    <subfield code="b">NLR</subfield>
    <subfield code="c">20080610</subfield>
    <subfield code="2">rusmarc</subfield>
  </datafield>
  <datafield tag="852" ind1=" " ind2=" ">
    <subfield code="a">NLR</subfield>
    <subfield code="j">20.86.6.3</subfield>
  </datafield>
  <datafield tag="942" ind1=" " ind2=" ">
    <subfield code="c">BOOK</subfield>
  </datafield>
  <datafield tag="980" ind1=" " ind2=" ">
    <subfield code="a">NB</subfield>
  </datafield>
  <datafield tag="995" ind1=" " ind2=" ">
    <subfield code="5">2013-10-26</subfield>
    <subfield code="b">NLR02</subfield>
    <subfield code="c">NLR02</subfield>
    <subfield code="e">RFS</subfield>
    <subfield code="f">5238901-10</subfield>
    <subfield code="k">20.86.6.3</subfield>
    <subfield code="o">0</subfield>
    <subfield code="r">BOOK</subfield>
    <subfield code="s">208663_</subfield>
  </datafield>
</record>
